00410nam a2200169Ia 4500003000400000005001700004008004100021020001800062040000700080041000800087082002300095100002300118245003600141260003400177300001600211365001300227OSt20230426123931.0210423s2011 xx 000 0 und d a9780198064343 cAL aeng a658.155223b SRIR aSRIVASTAVA (Rajiv) aDerivatives and risk management bOxford University Pressc2011 axvi,592bPB b410cINR